Chefs-lieux des provinces canadiennes en 2011 - Statistiques

Statistiques générales
  • Ce quiz a été pris 12 fois
  • Le résultat moyen est 7 sur 13
Statistiques - réponses
Province Chef-lieu % Correct
Québec Québec
100%
Alberta Edmonton
90%
Ontario Toronto
80%
Manitoba Winnipeg
60%
Nouvelle-écosse Halifax
50%
Terre-neuve-et-labrador Saint john's
50%
Yukon Whitehorse
50%
Territoires du nord-ouest Yellowknife
50%
Saskatchewan Regina
40%
Nouveau-brunswick Fredericton
30%
Nunavut Iqaluit
30%
Colombie britannique Victoria
30%
Ile-du-prince-edouard Charlottetown
20%
Aucun quiz correspondant
Distribution des résultats
% des personnes avec chaque résultat
Percentile par nombre de réponses
Votre historique - résultats
Vous n’avez pas pris ce quiz